Largest Alliterative Cities in the World - Statistics

General Stats
  • This quiz has been taken 44 times
  • The average score is 40 of 60
Answer Stats
City Country % Correct
Brasilia Brazil
100%
Guatemala City Guatemala
100%
Mexico City Mexico
100%
Seoul South Korea
100%
Stockholm Sweden
100%
Taipei Taiwan
100%
Algiers Algeria
97%
Brussels Belgium
97%
Kuwait City Kuwait
97%
Panama City Panama
97%
Adelaide Australia
95%
Andorra la Vella Andorra
95%
Tunis Tunisia
95%
Djibouti Djibouti
92%
Maputo Mozambique
92%
Porto Portugal
92%
Belmopan Belize
90%
Belize City Belize
87%
Calgary Canada
87%
Georgetown Guyana
87%
Port Moresby Papua New Guinea
87%
Sao Tome Sao Tome & Principe
87%
Chongqing China
85%
Monterrey Mexico
85%
Niamey Niger
85%
Belo Horizonte Brazil
82%
Bridgetown Barbados
82%
Chengdu China
82%
Sevilla Spain
82%
Rostov-on-don Russia
79%
Marrakesh Morocco
77%
Cali Colombia
74%
Bujumbura Burundi
72%
Majuro Marshall Islands
72%
Mandalay Myanmar
69%
Isfahan Iran
67%
Luxembourg City Luxembourg
67%
Bruges Belgium
62%
Cartagena Colombia
59%
Indore India
56%
Peshawar Pakistan
54%
Belém Brazil
51%
Poznan Poland
51%
Changsha China
49%
Valencia Venezuela
46%
Mérida Mexico
44%
Burgas Bulgaria
36%
Concepción Chile
31%
Taichung Taiwan
31%
Changchun China
28%
Soweto South Africa
28%
Mexicali Mexico
26%
Cixi China
21%
Santander Spain
21%
Trabzon Turkey
18%
Turkmenabat Turkmenistan
18%
Bobo-Dioulasso Burkina Faso
15%
Tainan Taiwan
13%
Changshu China
10%
Changde China
5%
No matching quizzes found
Score Distribution
Percent of People with Each Score
Percentile by Number Answered
Your Score History
You have not taken this quiz